[Event "FRA-chT2 Top 12 (Women)"]
[Site "France"]
[Date "2009.05.24"]
[Round "2.2"]
[White "Sabo Benke, Valeria"]
[Black "Soubrier, Aude"]
[Result "0-1"]
[WhiteElo "1794"]
[BlackElo "2014"]
[PlyCount "53"]
[EventDate "2009.05.23"]
[EventType "team-swiss"]
[EventRounds "3"]
[EventCountry "FRA"]
[SourceTitle "EXT 2010"]
[Source "ChessBase"]
[SourceDate "2010.11.25"]
[SourceVersion "1"]
[SourceVersionDate "2010.11.25"]
[SourceQuality "1"]

1. e4 e5 2. Nf3 Nc6 3. Bc4 Nf6 4. Nc3 Be7 5. a3 0-0 6. 0-0 Nxe4 7. Bxf7+ Rxf7 8. Nxe4 d5 9. Ng3 e4 10. Ne1 Ne5 11. d3 Bg4 12. Qd2 exd3 13. Nxd3 Nc4 14. Qe1 Bd6 15. f3 Bd7 16. b3 Qf6 17. c3 Bxg3 18. Qxg3 Qb6+ 19. Kh1 Qxb3 20. Ne5 Nxe5 21. Qxe5 Bb5 22. Rg1 c5 23. Bd2 Re8 24. Qg5 Be2 25. Rab1 Qc4 26. Rge1 Qd3 27. Qh5 0-1

[Event "FRA-chT2 South 0809"]
[Site "France"]
[Date "2009.01.17"]
[Round "5.8"]
[White "Sabo Benke, Valeria"]
[Black "Briatte, Coline"]
[Result "1-0"]
[WhiteElo "1814"]
[BlackElo "1400"]
[PlyCount "87"]
[EventDate "2008.10.12"]
[EventType "team-tourn"]
[EventRounds "11"]
[EventCountry "FRA"]
[SourceTitle "EXT 2010"]
[Source "ChessBase"]
[SourceDate "2010.11.25"]
[SourceVersion "1"]
[SourceVersionDate "2010.11.25"]
[SourceQuality "1"]
[WhiteTeam "Monaco"]
[BlackTeam "Avignon"]
[WhiteTeamCountry "FRA"]
[BlackTeamCountry "FRA"]

1. e4 c5 2. Nf3 d6 3. Nc3 a6 4. d4 cxd4 5. Nxd4 Nf6 6. Bd3 e6 7. Bg5 Be7 8. 0-0 b5 9. a3 0-0 10. Re1 Bb7 11. Nde2 Nbd7 12. Ng3 h6 13. Bd2 Rc8 14. h3 Nc5 15. Be3 Qd7 16. b4 Nxd3 17. Qxd3 Qc7 18. Bd2 Rfd8 19. Rac1 d5 20. exd5 Nxd5 21. Nxd5 Rxd5 22. Qe2 Bf6 23. c3 Qd7 24. Ne4 Qd8 25. Nxf6+ Qxf6 26. Red1 Rcd8 27. Be1 Qg5 28. f3 Re5 29. Rxd8+ Kh7 30. Qc2+ Be4 31. fxe4 Qxd8 32. Bg3 Rg5 33. e5+ g6 34. Bh4 Qb6+ 35. Bf2 Qc7 36. Qe2 Rxe5 37. Qd2 Rd5 38. Qc2 Qf4 39. Rd1 Rxd1+ 40. Qxd1 Qc4 41. Bd4 h5 42. Qf3 Qc7 43. Qf6 Kh6 44. h4 1-0